Score 0/22 Timer 05:00
0 Plays Today
% Correct
Braveheart
96.1%
Chinatown
95.8%
Moonlight
95.4%
Moneyball
95.3%
Boyhood
95.3%
Moonstruck
95%
Airport
94.8%
Battleground
94.8%
Crossfire
94.6%
Gaslight
94.6%
Seabiscuit
94.4%
% Correct
Stagecoach
94%
Spellbound
93.8%
Sideways
93.6%
Whiplash
92.8%
Hamlet
90.2%
Fargo
87.1%
Patton
83.7%
Amour
51.9%
Chicago
46.4%
Gigi
22.7%
Oliver
15%
Remove Ads.
Support Sporcle.
Get the best of Sporcle when you Go Orange. This ad-free experience offers more features, more stats, and more fun while also helping to support Sporcle. Thank you for becoming a member.

You're not logged in!

Compare scores with friends on all Sporcle quizzes.
OR
Log In

Show Comments

Extras

Top Quizzes Today


Score Distribution

Your Account Isn't Verified!

In order to create a playlist on Sporcle, you need to verify the email address you used during registration. Go to your Sporcle Settings to finish the process.

Report this User

Report this user for behavior that violates our Community Guidelines.

Details: